Modelirovanije processov funkcionirovanija proizvodstvennych i ekonomiko-ekologičeskich sistem

Na minha lista:
Detalhes bibliográficos
Autor principal: Bulitko, Valerij Konstantinovič
Formato: Livro
Idioma:russo
Publicado em: Kijev Naukova dumka 1986
Edição:1. izd.
Tags: Adicionar Tag
Sem tags, seja o primeiro a adicionar uma tag!

MARC

LEADER 00000nam a2200000 4500
001 c033758
005 20221220073945.9
041 0 |a rus 
044 |a UA 
245 1 0 |a Modelirovanije processov funkcionirovanija proizvodstvennych i ekonomiko-ekologičeskich sistem  |c Valerij Konstantinovič Bulitko 
250 |a 1. izd. 
264 1 |a Kijev  |b Naukova dumka  |c 1986 
300 |a 181 s. 
100 1 |a Bulitko, Valerij Konstantinovič